00388 2200169 4500001002100000005001500021008004100036035002500077041000800102082000800110090000800118100000900126245003100135260002200166300002000188650001000208INLIS00000000001814220130516042702 ind  a0010-051300000018142 aind afik afik a-, - aKalajengking dan Kepik c.1 bGading Inti Prima a: ilus. ;25 cm. aFabel